| 000 | 00544cab a22001815a 4500 | ||
|---|---|---|---|
| 001 | L158376 | ||
| 008 | 150126e2015 xxk 000 0 eng d | ||
| 035 | _a(Sirsi) u158376 | ||
| 041 | 0 | _aeng | |
| 110 | 2 |
_aExperian Economics _95977 |
|
| 245 | 0 | 0 | _aTracker November 2014 |
| 490 |
_aBuilding _v280(8857) 16 JANUARY 2015, 36-40 (5) |
||
| 520 | _aAnalysis of the construction industry in November 2014. | ||
| 650 | 2 | 4 | _aEXPERIAN CONSTRUCTION INDUSTRY FOCUS |
| 651 | 4 |
_aUnited Kingdom _y |
|
| 690 |
_aConstruction management _96230 |
||
| 942 | _n0 | ||
| 999 |
_c84580 _d84580 |
||